Statistiken für Die häufigsten Passwörter weltweit

Klicken Sie hier um das Quiz zu spielen!

Allgemein

  • Dieses Quiz wurde 284 mal gespielt
  • Das Durchschnittsergebnis liegt bei 5 aus 10

Antwortstatistiken

RangPasswort% Korrekt
7.12345
93%
4.password
79%
1.123456
57%
5.1234567
55%
6.12345678
53%
2.123456789
53%
9.111111
40%
3.qwerty
24%
8.iloveyou
8%
10.123123
4%

Verteilung der Resultate

Perzentil nach korrekt beantworteten Fragen

Anzahl Personen mit jedem Resultat

Ihre Resultats-Entwicklung

Sie haben dieses Quiz noch nicht gespielt